00731nam a22002057a 450000500170000001000130001702000230003003500130005303700160006604000120008208200180009410000160011224501560012826000500028427000460033430000250038050000510040565000350045665000340049120170124110222.0 aA-991946 c580.00a8176291692 aA-991946 bCen Lib/Ret aDPLbEN a362.1068bSAI aSaini, A.K. aManagement information system (MIS) in hospitals /cby A.K. Sainib a computer-based approach for quality in hospital services and administration / a New DelhibDeep and deep publications c1999 bNew DelhiaF-159, Rajouri garden e110027 axiii,341p.c23cm(Hb) aIncludes bibliographical references and index  aManagement information systems aHospitals administrations z